Diari Bonda 2

Bibliographic Details
Main Author: Rohani Din
Format: Book
Published: Kuala Lumpur : Creative Enterprises , 2001
Subjects:

MARC

LEADER 00000cam a2200000 7i4500
001 0000012837
005 20050422.0
020 |a 9838934305 
040 |a INS 
090 0 0 |a PL5136.   |b R6361 2001 
100 1 |a Rohani Din 
245 1 0 |a Diari Bonda 2   |c Rohani Din 
260 |a Kuala Lumpur :   |b Creative Enterprises ,   |c 2001 
300 |a 626p :   |b 19cm 
650 0 0 |a Malay Fiction 
999 |a 0000012698   |b BOOK   |c Open Shelf   |e Default branch